000 00668nam a2200193Ia 4500
003 GCL
008 140319s9999 xx 000 0 ara d
040 _aGCL /
_cGCL
082 0 4 _a001.6424
_bهـ د
100 1 _aهشام محمد معوض
245 1 0 _aالدليل العربى لإستخدام ملفات P F S /
_cهشام محمد معوض
700 1 _aابراهيم حسين حسنى
260 _a[S.N] :
_bمؤسسة جمال الجاسم للالكترونيات
490 _a
650 0 4 _aالحاسبات الالكترونية
650 0 4 _aبى. اف. اس
650 0 4 _aالحاسبات الالكترونية - برامج
942 _2ddc
_cBK
999 _c53569
_d53569